| 000 | 00774ngc a22002051u 4500 | ||
|---|---|---|---|
| 008 | 110706s2006 nyu|||||s|||| 00| 0 eng d | ||
| 020 | _a007295731X | ||
| 020 | _a9780072957310 | ||
| 082 |
_a658.15 _bBRE |
||
| 100 |
_aBrealey, Richard A. _926213 |
||
| 245 |
_aPrinciples of Corporate Finance / _bRichard A. Brealey, Stewart C. Myers and Franklin Allen |
||
| 260 |
_aBoston: _bMcGraw-hill, 2006 _cc2006 |
||
| 300 |
_a1 CD-ROM ; _c(4 3/4 in.) |
||
| 650 |
_aCorporations _x Finance. _926214 |
||
| 653 | _bEco | ||
| 700 |
_aMyers, Stewart C. _926215 |
||
| 700 |
_aAllen, Franklin _926216 |
||
| 942 |
_cCDR _k658.15 BRE _2ddc |
||
| 999 |
_c8828 _d8828 |
||